000 00889cam a2200253 i 4500
001 111242
005 20230410130810.0
008 130722s2008 fr g b 001 0dfre d
020 _a9782253085799
041 0 _afre
050 1 4 _aPQ 2178
_bB198p 2008
100 1 _aBalzac, Honoré de,
_d1799-1850.
245 1 3 _aLe Père Goriot /
_cHonoré de Balzac; introduction, notes et dossier de Stephane Vachon.
260 _aParis :
_bLibraire Generale Francaise,
_c2008.
300 _a443 p.;
_c18cm.
440 0 _aLe Livre de Poche Classiques / Texte Integral ;
_v757
504 _aIncludes bibliographie references (p.39-44) and index
505 0 _aContents vie de Balzac.
600 1 0 _aBalzac, Honoré de,
_d1799-1850.
_tPère Goriot.
600 1 0 _aBalzac, Honoré de,
_d1799-1850
_xCriticism and interpretation
700 1 _aVachon, Stephane
_eedt,
942 _2lcc
_cbk
946 _aPP
999 _c80563
_d80563